LEADER 01426nam 2200301 n 450 001 996392794303316 005 20221108074601.0 035 $a(CKB)4940000000113021 035 $a(EEBO)2248523690 035 $a(UnM)99873484 035 $a(EXLCZ)994940000000113021 100 $a19850501d1644 uh | 101 0 $aeng 135 $aurbn||||a|bb| 200 10$aTwo ordinances of the Lords and Commons assembled in Parliament$b[electronic resource] $eone for the constant recruiting, maintaining, and regulating of the forces of the seven associated counties, under the command of Edward Earle of Manchester. The other, for the regulating the Vniversity of Cambridge, and for removing of scandalous ministers in the seven associated counties. Die Lunæ, 22 Jan. 1643. Ordered by the Lords assembled in Parliament, that these ordinances shall be forthwith printed and published. J. Brown Cler. Parliamentorum 210 $aLondon $cPrinted for Iohn Wright in the Old-Baily$dJan. 24. 1643. [i.e. 1644] 215 $a[2], 10 p 300 $aReproduction of the original in the British Library. 330 $aeebo-0018 607 $aGreat Britain$xHistory$yCivil War, 1642-1649 801 0$bCu-RivES 801 1$bCu-RivES 801 2$bCStRLIN 801 2$bWaOLN 906 $aBOOK 912 $a996392794303316 996 $aTwo ordinances of the Lords and Commons assembled in Parliament$92299709 997 $aUNISA